| 000 | 01174nam0a22002771 4500 | ||
|---|---|---|---|
| 001 | rc\4009040 | ||
| 005 | 20250611054048.0 | ||
| 021 |
_aRU _b[46-3911] |
||
| 035 | _a(NLR Aleph) 008078271 | ||
| 090 |
_a9106829 _c9106829 |
||
| 100 | _a20130415d1946 |||y0rusy50 ca | ||
| 101 | 0 | _arus | |
| 102 | _aRU | ||
| 105 | _ay z ||||| | ||
| 200 | 1 | _aСпособы экономии и дополнительные источники кормов в период зимовки скота | |
| 210 |
_aВологда _cВологод. обком ВКП(б). Отд. животноводства _d1946 _gТип. изд-ва "Красный Север" |
||
| 215 |
_a14 с., без обл. _d19 |
||
| 300 | _aПеред загл. автор: П.В. Демченко, канд. с.-х. наук | ||
| 606 |
_aКорма _xПодготовка к скармливанию _2psbo |
||
| 606 |
_aСельскохозяйственные животные _xЗимнее содержание _2psbo |
||
| 700 | 1 |
_aДемченко _bП.В. _gПетр Васильевич |
|
| 801 | 0 |
_aRU _bNLR _gpsbo |
|
| 801 | 1 |
_aRU _bELAR _2rusmarc |
|
| 852 |
_aNLR _jС80 Г-4/110 |
||
| 942 | _cBOOK | ||
| 980 | _aNB | ||